Normal view
MARC view
- Guide Name:Kolhatkar Kshitija
Entry Personal Name
001 - CONTROL NUMBER
- control field: 210987
003 - CONTROL NUMBER IDENTIFIER
- control field: OSt
005 - DATE AND TIME OF LATEST TRANSACTION
- control field: 20250110171824.0
008 - FIXED-LENGTH DATA ELEMENTS
- fixed length control field: 250110|| aca||aabn | a|a d
040 ## - CATALOGING SOURCE
- Original cataloging agency: OSt
- Transcribing agency: OSt
100 ## - HEADING--PERSONAL NAME
- Personal name: Guide Name:Kolhatkar Kshitija
670 ## - SOURCE DATA FOUND
- Source citation: Work cat.: (OSt)364648: Bhosale Sanjana 181638, Linear Landscape Infrastructure For Roads & Stream: A Case Of Wakad, P,C,M,C,Pune, 2023